Pork production (Record no. 11458)

MARC details
000 -LEADER
fixed length control field 00817cam a22002651 4500
001 - CONTROL NUMBER
control field agr52000421
003 - CONTROL NUMBER IDENTIFIER
control field DLC
005 - DATE AND TIME OF LATEST TRANSACTION
control field 20260227111016.0
008 - FIXED-LENGTH DATA ELEMENTS--GENERAL INFORMATION
fixed length control field 760329s1952 nyuab b 001 0 eng c
010 ## - LIBRARY OF CONGRESS CONTROL NUMBER
LC control number agr52000421
035 ## - SYSTEM CONTROL NUMBER
System control number (OCoLC)2075865
040 ## - CATALOGING SOURCE
Original cataloging agency U.S. Dept. of Agr. Libr.
Transcribing agency OWibfC
Modifying agency OCoLC
-- DLC
042 ## - AUTHENTICATION CODE
Authentication code premarc
050 00 - LIBRARY OF CONGRESS CALL NUMBER
Classification number SF395
Item number .S65 1952
082 ## - DEWEY DECIMAL CLASSIFICATION NUMBER
Classification number 636.4
100 1# - MAIN ENTRY--PERSONAL NAME
Personal name Smith, William Wesley,
Dates associated with a name 1878-
245 10 - TITLE STATEMENT
Title Pork production
Statement of responsibility, etc. [by] William W. Smith; with a chapter on Sanitation and disease control, by L. M. Hutchings.
250 ## - EDITION STATEMENT
Edition statement 3d ed.
260 ## - PUBLICATION, DISTRIBUTION, ETC.
Place of publication, distribution, etc. New York,
Name of publisher, distributor, etc. Macmillan
Date of publication, distribution, etc. [1952]
300 ## - PHYSICAL DESCRIPTION
Extent xxvi, 616 p.
Other physical details illus., maps.
Dimensions 22 cm.
500 ## - GENERAL NOTE
General note Includes index.
504 ## - BIBLIOGRAPHY, ETC. NOTE
Bibliography, etc. note Bibliographical footnotes.
650 #0 - SUBJECT ADDED ENTRY--TOPICAL TERM
Topical term or geographic name entry element Swine.
700 1# - ADDED ENTRY--PERSONAL NAME
Personal name Hutchings, Leslie Morton,
Dates associated with a name 1915-

No items available.

Powered by Koha